书目信息 |
| 题名: |
与红三军团有关的历史问题及文献
|
|
| 作者: | ;江西现代史学会 编 | |
| 分册: | ||
| 出版信息: | 南昌 江西人民出版社 1981.03 |
|
| 页数: | 527页 | |
| 开本: | 19cm | |
| 丛书名: | 革命历史资料丛书之五 | |
| 单 册: | ||
| 中图分类: | K263.406 | |
| 科图分类: | ||
| 主题词: | 中国--历史 | |
| 电子资源: | ||
| ISBN: | ||
| 000 | 00716nam0 2200229 45 | |
| 001 | 0309231786 | |
| 005 | 20061116165918.92 | |
| 010 | @dCNY1.31 | |
| 091 | @a7110.280 | |
| 100 | @a20030923d1981 km y0chiy0120 ea | |
| 101 | 0 | @achi |
| 105 | @a z 000yy | |
| 200 | 1 | @a与红三军团有关的历史问题及文献@AYu Hong San Jun Tuan You Guan De Li Shi Wen Ti Ji Wen Xian@f江西现代史学会编@FJiang Xi Xian Dai Shi Xue Hui Bian |
| 210 | @a南昌@c江西人民出版社@d1981.03 | |
| 215 | @a527页@d19cm | |
| 225 | @a革命历史资料丛书之五 | |
| 410 | @12001 @a革命历史资料丛书之五 | |
| 606 | 0 | @a中国@x历史 |
| 690 | @aK263.406@v3 | |
| 711 | 02 | @a江西现代史学会@4编 |
| 801 | @aCN@bTSTC@c20061116 | |
| 905 | @f2@b228812-813@dK263.406@e14 | |
| 与红三军团有关的历史问题及文献/江西现代史学会编.-南昌:江西人民出版社,1981.03 |
| 527页;19cm.-(革命历史资料丛书之五) |
| ISBN :CNY1.31 |
| ● |
| 相关链接 |
|
|
|
|
正题名:与红三军团有关的历史问题及文献
索取号:K263.406/14
 
预约/预借
| 序号 | 登录号 | 条形码 | 馆藏地/架位号 | 状态 | 备注 |
| 1 | 0228812 | 001847853 | 密集书库/ [索取号:K263.406/14] | 在馆 | |
| 2 | 0228813 | 001847862 | 密集书库/ [索取号:K263.406/14] | 在馆 | |
| 3 | 0228814 | 202086054 | 第二样本阅览室/ [索取号:K263.406/14] | 在馆 |